|
|
|
|
| LEADER |
00000nab a2200000 a 4500 |
| 001 |
vtls000547147 |
| 003 |
SK-MaSNL |
| 005 |
20260304090336.0 |
| 008 |
250425c1995 xo 0 slo |
| 015 |
|
|
|a SNBRB19rr/mm-uuuuu
|
| 035 |
|
|
|a CL0547285
|
| 035 |
|
|
|a urn:nbn:sk:snk-abe02
|
| 035 |
|
|
|a (urnnbn)urn:nbn:sk:snk:ar-a04yvm
|
| 035 |
|
|
|a (uuid)811863f4-c20f-4b7c-a3b7-5bcd045f4dd1
|
| 040 |
|
|
|a SNKBUCL
|b slo
|c SNKBUCL
|e AACR2
|
| 041 |
0 |
|
|a slo
|
| 044 |
|
|
|a xo
|c SK
|
| 080 |
|
|
|a 371.124:82
|2 1981
|
| 100 |
1 |
|
|a Rakús, Stanislav,
|d 1940-
|4 aut
|9 102105
|
| 245 |
1 |
0 |
|a Literárny objekt a učiteľ v školskom systéme
|c Stanislav Rakús
|
| 300 |
|
|
|b Lit. 2 zázn. v slov.
|
| 650 |
0 |
7 |
|a učitelia literatúry
|2 snkbucl
|9 1246454
|
| 650 |
0 |
7 |
|a dispozície profesijné
|2 snkbucl
|9 1381209
|
| 655 |
|
7 |
|a články z novín a časopisov
|2 snkbucl
|9 267496
|
| 773 |
0 |
|
|t Slovenský jazyk a literatúra v škole
|g Roč. 41, č. 5-6 (1994/1995), s. 148-150
|
| 850 |
|
|
|a Slovenská národná knižnica
|
| 852 |
|
|
|a Slovenská národná knižnica
|
| 954 |
|
|
|a odborná, vedecká literatúra pôvodná (slovenská)
|2 lita
|
| 958 |
|
|
|a article27
|
| 958 |
|
|
|a RK
|
| 958 |
|
|
|a OND
|
| 958 |
|
|
|a EUIPO
|
| 992 |
|
|
|a RBX
|
| 999 |
|
|
|c 2811157
|d 2813087
|